Olympic Host Countries - Sudden Death - Statistics

General Stats
  • This quiz has been taken 119,757 times
  • The average score is 14 of 24
Answers on the Grid
Answers color-coded by a green-red scale on the quiz's grid according to % correct below.
Afghanistan
Argentina
Australia
Austria
Bahamas
Belgium
Brazil
Bulgaria
Cameroon
Canada
China
Colombia
Croatia
Czech Republic
Egypt
Finland
France
Georgia
Germany
Greece
Hungary
India
Iran
Ireland
Italy
Japan
Mexico
Morocco
Netherlands
New Zealand
North Korea
Norway
Panama
Portugal
Qatar
Romania
Russia
Saudi Arabia
South Africa
South Korea
Soviet Union
Spain
Sweden
Switzerland
Turkey
Ukraine
United Arab Emirates
United Kingdom
United States
Yugoslavia
 
Answer Stats
Answer % Correct
France
79%
China
78%
Australia
77%
Brazil
77%
Canada
73%
Germany
72%
Italy
72%
United States
72%
Japan
70%
Greece
69%
United Kingdom
66%
Russia
62%
Austria
53%
Soviet Union
53%
Spain
53%
South Korea
50%
Mexico
47%
Norway
46%
Sweden
42%
Finland
41%
Switzerland
40%
Belgium
39%
Netherlands
38%
Yugoslavia
34%
No matching quizzes found
Score Distribution
Percent of People with Each Score
Percentile by Number Answered
Your Score History
You have not taken this quiz